| 000 | 00681nam a22002297a 4500 | ||
|---|---|---|---|
| 005 | 20251108172954.0 | ||
| 008 | 250721s2004 xx 000 0 ara d | ||
| 020 | _a9770710318 | ||
| 082 | 1 | 4 | _a916.2/سعي |
| 100 | 1 |
_aسعيد، رشدي _eمؤلف |
|
| 245 | 1 | 0 | _aمصر المستقبل المياه . الطاقة . الصحراء / |
| 264 | 1 |
_aالقاهرة : _bدار الهلال، _c2004. |
|
| 300 | _a355 ص. | ||
| 490 | 0 |
_aكتاب الهلال _v639 |
|
| 650 | 1 | 7 | _aمصادر الطاقة |
| 650 | 1 | 7 | _aالمياه |
| 650 | 1 | 7 | _aالصحاري |
| 650 | 1 | 7 | _aالجغرافيا الإقليمية |
| 650 | 1 | 7 | _aمصر |
| 942 |
_2ddc _cBK |
||
| 999 |
_c93100 _d93100 |
||